Madonna - Erotica - Lyrics - Statistics

General Stats
  • This quiz has been taken 27 times
  • The average score is 353 of 434
Answer Stats
Answer % Correct
a
100%
Erotic
100%
I
100%
put
100%
Put
100%
you
100%
You
100%
all
96%
All
96%
I'd
96%
I'll
96%
in
96%
My
96%
my
96%
over
96%
to
96%
to?
96%
your
96%
be
92%
body
92%
hand
92%
hands
92%
it
92%
it?
92%
like
92%
trance
92%
do
88%
Erotica
88%
Give
88%
give
88%
(give
88%
If
88%
is
88%
up
88%
up)
88%
When
88%
when
88%
and
83%
from
83%
love
83%
me
83%
as
79%
have
79%
take
79%
way
79%
let
75%
Let
75%
say
75%
want
75%
don't
71%
how
71%
I'm
71%
mind
71%
Romance
71%
Dita
67%
know
67%
name
67%
teach
67%
the
67%
where
67%
Will
67%
can
63%
go
63%
mistress
63%
think
63%
tonight
63%
try
63%
wants
63%
what
63%
you're
63%
behind
58%
myself
58%
of
58%
only
58%
Only
58%
pain
58%
pleasure
58%
that
58%
child
54%
hit
54%
into
54%
Just
54%
treat
54%
truck
54%
eyes
50%
gonna
50%
never
50%
not
50%
one
50%
reject
50%
so
50%
charge
46%
close
46%
could
46%
hurt
46%
much
46%
Push
46%
you've
46%
expect
42%
make
42%
mouth
42%
see
42%
gone
38%
least
38%
Once
38%
ones
38%
same
38%
wild?
38%
away
33%
come
33%
satisfaction
33%
bring
29%
feel
29%
kind
29%
little
29%
tell
29%
There's
29%
yourself
29%
well
25%
better
21%
bit
21%
different
21%
flame
21%
understand
17%
certain
13%
above
8%
afraid
8%
hurts
8%
inflicts
8%
rise
8%
No matching quizzes found
Score Distribution
Percent of People with Each Score
Percentile by Number Answered
Your Score History
You have not taken this quiz